Le Département des Vosges en Images - Statistiques

Statistiques générales
  • Ce quiz a été pris 218 fois
  • Le résultat moyen est 10 sur 18
Statistiques - réponses
Par images Hint Réponse % Correct
Eau minérale Vittel
98%
Eau minérale Contrex
92%
Affaire Judiciaire Affaire Grégory Villemin
91%
Personnage historique Jeanne d'Arc
91%
Ville Épinal
88%
Lac Lac de Gérardmer
84%
Ancienne région Lorraine
83%
Cours d'eau Moselle
83%
Sous-préfecture Neufchateau
56%
Animateur de télévision Laurent Mariotte
51%
Homme politique Jules Ferry
42%
Artisanat de Portieux Cristallerie
34%
Festival de cinéma Festival international du Film Fantastique de Gérardmer
21%
Lieu touristique Amphithéâtre de Grand
20%
Bâtiment célèbre Imagerie d'Épinal
20%
Spécialité culinaire Tofailles
20%
Film Les Grandes Gueules
18%
Musicien Darry Cowl
8%
Aucun quiz correspondant
Distribution des résultats
% des personnes avec chaque résultat
Percentile par nombre de réponses
Votre historique - résultats
Vous n’avez pas pris ce quiz